Statistics for London-Heathrow Airport Destinations

Click here to take the quiz!

General Stats

  • This quiz has been taken 1,809 times
    (388 since last reset)
  • The average score is 133 of 249

Answer Stats

Airlines Flying to DestinationsDestination% Correct
Aer Lingus, British AirwaysDublin
94%
American Airlines, British Airways, Delta Air Lines, JetBlue, Virgin AtlanticNew York-JFK
93%
Aegean Airlines, British Airways, Sky ExpressAthens
91%
Air France, British AirwaysParis
91%
LoganairIsle of Man
90%
British Airways, ITA AirwaysRome
89%
British Airways, Scandinavian AirlinesStockholm
89%
British Airways, Flybe, KLMAmsterdam
88%
British AirwaysBerlin
88%
British Airways, Brussels AirlinesBrussels
88%
British Airways, EgyptAirCairo
88%
FinnairHelsinki
88%
American Airlines, British Airways, Delta Air Lines, United Airlines, Virgin AtlanticLos Angeles
88%
American Airlines, British Airways, Virgin AtlanticMiami
88%
British Airways, Scandinavian AirlinesOslo
88%
All Nippon Airways, British Airways, Japan AirlinesTokyo-Haneda
88%
Air Canada, British AirwaysToronto
88%
Air ChinaBeijing-Capital
87%
British Airways, China Southern AirlinesBeijing-Daxing
87%
British Airways, EmiratesDubai
87%
British Airways, IberiaMadrid
87%
British AirwaysBarcelona
86%
British Airways, TAP PortugalLisbon
86%
Alitalia, British AirwaysMilan-Linate
86%
British AirwaysMilan-Malpensa
86%
Air India, British Airways, Virgin Atlantic, VistaraDelhi
85%
British Airways, LufthansaFrankfurt
85%
Air Canada, Air India, British Airways, Virgin Atlantic, VistaraMumbai
85%
British Airways, LufthansaMunich
85%
American Airlines, British Airways, United AirlinesChicago
84%
British Airways, Turkish AirlinesIstanbul
84%
British AirwaysIstanbul - Sabiha Gökçen
84%
British Airways, United Airlines, Virgin AtlanticSan Francisco
84%
Austrian Airlines, British AirwaysVienna
84%
British Airways, LOT Polish AirlinesWarsaw
84%
American Airlines, British Airways, Delta Air Lines, JetBlue, United Airlines, Virgin AtlanticBoston
83%
British Airways, Singapore Airlines, QantasSingapore
83%
British Airways, QantasSydney
83%
British Airways, Swiss International AirlinesZürich
83%
British Airways, Scandinavian AirlinesCopenhagen
82%
British Airways, Air China, China Eastern Airlines, Virgin AtlanticShanghai
82%
Air Canada, British AirwaysVancouver
82%
Aer Lingus, British Airways, FlybeBelfast
81%
British AirwaysRio de Janeiro
81%
American Airlines, British Airways, Delta Air Lines, Virgin AtlanticSeattle/Tacoma
81%
British AirwaysEdinburgh
80%
EVA Air, Thai AirwaysBangkok
79%
American Airlines, British AirwaysDallas/Fort Worth
79%
British Airways, Cathay PacificHong Kong
79%
Asiana Airlines, Korean AirSeoul-Incheon
79%
British Airways, United Airlines, Virgin AtlanticWashington
79%
Etihad AirwaysAbu Dhabi
78%
British Airways, Qatar AirwaysDoha
78%
British AirwaysGlasgow
78%
Aeroméxico, British AirwaysMexico City
78%
Air Canada, British AirwaysMontreal
78%
QantasPerth
78%
British AirwaysPorto
77%
British Airways, SaudiaRiyadh
77%
British Airways, Virgin AtlanticCape Town
76%
British Airways, United AirlinesHouston
76%
British Airways, Croatia AirlinesZagreb
76%
British AirwaysBudapest
75%
British AirwaysManchester
75%
British Airways, Delta Air Lines, Virgin AtlanticAtlanta
74%
British Airways, Swiss International Air LinesGeneva
74%
Malaysia AirlinesKuala Lumpur
74%
QantasMelbourne
74%
British AirwaysNaples
74%
Aer LingusCork
73%
British Airways, EurowingsHamburg
73%
British Airways, Kenya AirwaysNairobi
73%
British Airways, El Al, Virgin AtlanticTel Aviv
73%
TunisairTunis
73%
British AirwaysVenice
73%
Blue Air, British Airways, TAROMBucharest
72%
British Airways, Pakistan International Airlines, Virgin AtlanticIslamabad
72%
Philippine AirlinesManila
72%
British AirwaysPrague
72%
British Airways, IcelandairReykjavik
72%
Air Algérie, British AirwaysAlgiers
71%
British Airways, Virgin AtlanticJohannesburg
71%
British Airways, Bulgaria AirSofia
71%
Iran AirTehran
71%
Air SerbiaBelgrade
70%
British Airways, United AirlinesDenver
70%
British Airways, Kuwait AirwaysKuwait City
70%
British Airways, Virgin AtlanticOrlando
70%
British AirwaysLyon
69%
British Airways, LATAM BrasilSão Paulo
69%
British AirwaysBuenos Aires
68%
Royal Air MarocCasablanca
68%
Bamboo Airways, Vietnam AirlinesHanoi
68%
British AirwaysMarseille
68%
AviancaBogotá
66%
British Airways, EurowingsDüsseldorf
66%
China Southern AirlinesGuangzhou
65%
British AirwaysNice
65%
British Airways, American AirlinesPhiladelphia
65%
China Airlines, EVA AirTaipei
65%
Vietnam AirlinesHo Chi Minh City
64%
British Airways, Virgin AtlanticLagos
64%
British AirwaysPalma de Mallorca
64%
British AirwaysSantiago
64%
EurowingsCologne/Bonn
63%
Biman Bangaldesh AirlinesDhaka
63%
Pakistan International AirlinesKarachi
63%
British Airways, Virgin AtlanticLas Vegas
63%
Ethiopian AirlinesAddis Ababa
62%
British Airways, Royal JordanianAmman
62%
American Airlines, British AirwaysPhoenix
62%
British AirwaysSan Diego
62%
Air Canada, WestJetCalgary
61%
SaudiaJeddah
61%
British AirwaysKraków
61%
Delta Air LinesDetroit
60%
British AirwaysTurin
60%
Azerbaijan AirlinesBaku
59%
Oman AirMuscat
59%
British Airways, Virgin AtlanticAustin
58%
Middle East AirlinesBeirut
58%
American AirlinesCharlotte
58%
Air MaltaMalta
58%
British AirwaysPortland
57%
British AirwaysValencia
57%
SriLankan AirlinesColombo
56%
British AirwaysFlorence
56%
Pakistan International Airlines, Virgin AtlanticLahore
56%
British AirwaysMalaga
56%
British AirwaysChennai
55%
British AirwaysNewcastle Upon Tyne
55%
Shenzhen AirlinesShenzhen
55%
British Airways, Croatia AirlinesSplit
55%
British AirwaysAberdeen
54%
British AirwaysPalermo
54%
British AirwaysMarrakesh
53%
British Airways, EurowingsStuttgart
53%
British AirwaysDubrovnik
51%
British AirwaysBangalore
50%
British Airways, United AirlinesNewark
50%
British AirwaysNew Orleans
50%
British AirwaysSan Jose (CA)
50%
Virgin AtlanticTampa
50%
British AirwaysToulouse
50%
British AirwaysIbiza
49%
British AirwaysThessaloniki
49%
Delta Air LinesMinneapolis/St. Paul
48%
Uzbekistan AirlinesTashkent
48%
British AirwaysAccra
47%
British AirwaysFaro
47%
Air India, British AirwaysHyderabad
47%
British AirwaysLjubljana
47%
British AirwaysTirana
47%
Tianjin AirlinesXian
47%
Air ChinaChengdu
46%
British AirwaysGothenburg
46%
WiderøeBergen
45%
British AirwaysBologna
45%
Aer LingusShannon
45%
Air AstanaAlmaty
44%
British AirwaysTallinn
44%
British AirwaysTenerife-South
44%
British AirwaysBasel/Mulhouse
43%
British AirwaysAbuja
42%
British AirwaysBaltimore
42%
British Airways, Virgin AtlanticNassau
42%
Delta Air LinesSalt Lake City
42%
Air MauritiusMauritius
41%
Thai AirwaysPhuket
41%
British AirwaysSalzburg
41%
Tianjin AirlinesTianjin
41%
British Airways, Gulf AirBahrain
40%
British AirwaysLuxembourg
40%
FlybeLeeds/Bradford
39%
British AirwaysHanover
38%
British AirwaysInverness
38%
British AirwaysNashville
38%
Air IndiaAhmedabad
37%
Air CanadaHalifax
37%
British AirwaysHeraklion
37%
American AirlinesRaleigh/Durham
37%
British AirwaysCatania
36%
British AirwaysInnsbruck
36%
RwandairKigali
36%
Tianjin AirlinesChongqing
35%
British AirwaysCorfu
35%
EgyptAirLuxor
35%
British Airways, Virgin AtlanticMalé
35%
British AirwaysNuremberg
35%
British AirwaysPittsburgh
35%
British AirwaysRhodes
35%
British AirwaysGibraltar
34%
British AirwaysJersey
34%
British AirwaysPisa
31%
British AirwaysCincinnati
29%
British AirwaysMykonos
28%
British AirwaysSantorini
28%
British Airways, Iberia ExpressGran Canaria
27%
British AirwaysKos
26%
British AirwaysLarnaca
26%
British Airways, Virgin AtlanticBarbados
25%
British AirwaysBermuda
25%
LoganairDerry
25%
British AirwaysFunchal
25%
British AirwaysPristina
24%
British AirwaysBillund
23%
Virgin AtlanticGrenada
23%
Scandinavian AirlinesStavanger
22%
Royal Brunei AirlinesBandar Seri Begawan
21%
LoganairDundee
21%
Virgin AtlanticAntigua
20%
Virgin AtlanticSt. Lucia
20%
Air IndiaGoa
18%
British AirwaysPaphos
17%
British AirwaysZakynthos
17%
British AirwaysBodrum
16%
British AirwaysChania
16%
Virgin AtlanticMontego Bay
16%
Virgin AtlanticSt. Vincent
16%
AeroItaliaBergamo
15%
British AirwaysOlbia
13%
British AirwaysPula
13%
Biman Bangladesh AirlinesSylhet
13%
Hainan AirlinesChangsha
12%
British AirwaysDalaman
12%
British AirwaysPonta Delgada
12%
Croatia AirlinesRijeka
12%
British AirwaysKefalonia
11%
British AirwaysBrindisi
10%
British AirwaysGrand Cayman
10%
Air IndiaKochi
10%
British AirwaysBastia
9%
British AirwaysGrenoble
9%
British AirwaysKalamata
9%
Aer LingusKnock
9%
British AirwaysNewquay
9%
China Southern AirlinesZhengzhou
9%
Air IndiaAmritsar
8%
British AirwaysPreveza/Lefkada
7%
British Airways, Virgin AtlanticProvidenciales
7%
Virgin AtlanticTobago
7%
Air AstanaAktau
6%
British AirwaysFigari
4%
LoganairKirkwall
4%
SaudiaNeom
4%
Scandinavian AirlinesLuleå
3%
British AirwaysPerugia
3%
LoganairSumburgh
3%
British AirwaysTerceira
3%

Score Distribution

Percentile by Number Answered

Percent of People with Each Score

Your Score History

You have not taken this quiz since the last reset